000 01622nam a2200253 a 4500
001 77543
003 BD-RjUL
005 20211209083001.0
008 201119s2007 bg ||||| |||| 00| 0 ben d
035 _a(BD-RjUL)77768
040 _aBD-RjUL
_bben/eng
041 _aben
082 _223
_a891.44309
_bHAB 2007
100 _aহাসান, মো. মেহেদী
_9242017
245 1 0 _aবাংলাদেশের কথাসাহিত্যে নিম্নবর্গের জীবন (১৯৭১-২০০০) /
_c মো, মেহেদী হাসান
_6তত্বাবধায়ক: সফিকুন্নবী সামাদী
260 _aরাজশাহী:
_bইনস্টিটিউট অব বাংলাদেশ স্টাডিজ, রাজশাহী বিশ্ববিদ্যালয়,
_c২০০৭
300 _a৩২১ পাতা ;
_c২৮ সেমি.
502 _aথিসিস ( পিএইচ.ডি.)--ইনস্টিটিউট অব বাংলাদেশ স্টাডিজ, রাজশাহী বিশ্ববিদ্যালয়, ২০০৭
504 _aগ্রন্থপঞ্জি : পাতা [৩০৬]-৩২১
650 _aবাংলা উপন্যাস
_vইতিহাস ও সমালোচনা
_zবাংলাদেশ
_y১৯৭১-২০০০
_9242018
650 _aBengali Fiction
_vHistory and criticism
_zBangladesh
_y1971-2000
_9242019
700 _aসামাদী, সফিকুন্নবী, তত্বাবধায়ক
_9118668
942 _2ddc
_cTHE
999 _c77543
_d77543